VIDEO PRODUCTION (Record no. 32144)

MARC details
000 -LEADER
fixed length control field 00321nam a22001577a 4500
003 - CONTROL NUMBER IDENTIFIER
control field SGT
020 ## - INTERNATIONAL STANDARD BOOK NUMBER
International Standard Book Number 9780198085419
082 ## - DEWEY DECIMAL CLASSIFICATION NUMBER
Classification number 791.45
Item number BEL
100 ## - MAIN ENTRY--PERSONAL NAME
Personal name BELAVADI VASUKI
245 ## - TITLE STATEMENT
Title VIDEO PRODUCTION
250 ## - EDITION STATEMENT
Edition statement 2ND
260 ## - PUBLICATION, DISTRIBUTION, ETC. (IMPRINT)
Place of publication, distribution, etc INDIA
Year of Publication 2023
Name of publisher, distributor, etc OXFORD PUB.
300 ## - PAGE DESCRIPTION
No. of Pages 408
650 ## - SUBJECT ADDED ENTRY--TOPICAL TERM
Topical term or geographic name as entry element BJMC
942 ## - ADDED ENTRY ELEMENTS (KOHA)
Source of classification or shelving scheme Dewey Decimal Classification
Koha item type Books
Holdings
Withdrawn status Lost status Source of classification or shelving scheme Damaged status Not for loan Home library Current library Shelving location Date acquired Vendor Name Cost, normal purchase price SGTU Bill Number Full call number Accession No. (Barcode) Date last seen Bill Date Koha item type Total Checkouts
    Dewey Decimal Classification   Not For Loan SGT Science & Social Sciences Library SGT Science & Social Sciences Library Reference Book 21/07/2025 BRIJWASHI DELHI 1300.00 SGTU BW/000214 791.45 BEL MC1276 21/07/2025   Books  
    Dewey Decimal Classification     SGT Science & Social Sciences Library SGT Science & Social Sciences Library   21/07/2025 BRIJWASHI DELHI 1300.00 SGTU BW/000214 791.45 BEL MC1277 21/07/2025   Books  
    Dewey Decimal Classification     SGT Science & Social Sciences Library SGT Science & Social Sciences Library   21/07/2025 BRIJWASHI DELHI 1300.00 SGTU BW/000214 791.45 BEL MC1278 21/07/2025   Books  
    Dewey Decimal Classification     SGT Science & Social Sciences Library SGT Science & Social Sciences Library   21/07/2025 BRIJWASHI DELHI 1300.00 SGTU BW/000214 791.45 BEL MC1279 21/07/2025   Books